000 00616pab a2200193 454500
008 180718b2013 xxu||||| |||| 00| 0 eng d
100 _aSrivastava, Swami Prakash
245 _aRole of renewable energy in sustainable development of India with special reference to solar energy
260 _c2013
300 _ap.27-37.
362 _aJul-Dec
650 _aSolar energy - India
650 _aSustainable development - India
650 _aRenewable energy sources - India
650 _aRenewable energy sources
773 _aSouth Asian Journal of Socio-Political Studies
908 _aN
909 _a103046
999 _c103043
_d103043